000 00419nam a22001457a 4500
008 131127b xxu||||| |||| 00| 0 eng d
050 _aSPC DT115.L82 1937
100 _aLudwig, Emil
_94321
245 _aThe Nile
_bThe Life-story of a river
260 _aNew York
_bViking Press
_c1937
300 _axvi; 619p.;
_c24cm
650 _aNile River
_94322
700 _aLindsay, Mary h. (tr)
_94323
942 _2lcc
_cMONOGRAPH
999 _c118824
_d118824